000 00596nam a22001697a 4500
999 _c167015
_d167015
010 _aENG-126221
020 _a978-93-86761-18-7
_c1495.00
035 _aEN-109753
037 _bDBAD/PUB
082 _a320.05
100 _aMandal,Ram Lakhan
245 _aPolitical analysis and research method/
_cby Ram Lakhan Mandal
260 _aNew Delhi
_bAne Books Pvt.Ltd.
_c2017
270 _a4821,Parwana Bhawan 1st Floor 24 Ansari Road, Darya Ganj
_bNew Delhi
_e110002
_k+91(011)23276843,2814209
_manebookschennai.com
300 _av272p.
_b24cm(hb)
942 _2ddc
_cEN
_h320.05
_mMAN